[Event "Open SSM A Agosto"]
[Site "Milano ITA"]
[Date "2012.07.27"]
[Round "1"]
[White "Bemporad, Filippo"]
[Black "Coppola, Federico"]
[WhiteElo "2077"]
[BlackElo "1844"]
[Result "0-1"]
[PlyCount "84"]
[EventDate "2012.07.27"]

1. d4 Nf6 2. Nf3 c5 3. e3 cxd4 4. exd4 d5 5. Bd3 Bg4 6. c3 e6 7. Qa4+ Nbd7 8.
Ne5 Bh5 9. Bg5 a6 10. Nd2 Bd6 11. Ndf3 b5 12. Qc2 Qc7 13. Bf4 Bxf3 14. gxf3
Nxe5 15. dxe5 Bxe5 16. Bg3 Rc8 17. Qd2 Nd7 18. Rc1 d4 19. c4 Bxg3 20. hxg3 Ne5
21. Be2 d3 22. Bd1 bxc4 23. Kf1 Qc6 24. Kg2 O-O 25. Rc3 Rfd8 26. Rh4 Qd5 27.
Re4 Rc7 28. b3 Rdc8 29. Qe3 f6 30. Rd4 Qb7 31. Kh2 Rd7 32. Re4 Qb4 33. Rc1 d2
34. Rc2 Rd3 35. Qf4 Ng6 36. Rcxc4 Rxc4 37. Rxc4 Nxf4 38. Rxb4 Nd5 39. Rb8+ Kf7
40. b4 Nc3 41. Bc2 d1=Q 42. Bxd1 Rxd1 0-1

[Event "Open SSM A Agosto"]
[Site "Milano ITA"]
[Date "2012.07.27"]
[Round "1"]
[White "Bisignano, Giuseppe"]
[Black "Cazzaniga, Walter"]
[WhiteElo "1891"]
[BlackElo "2148"]
[Result "0-1"]
[PlyCount "50"]
[EventDate "2012.07.27"]

1. e4 c5 2. Nf3 d6 3. d4 cxd4 4. Nxd4 Nf6 5. Nc3 g6 6. Be2 Bg7 7. Be3 O-O 8.
O-O Nc6 9. Nb3 a5 10. Na4 Nxe4 11. Nb6 Rb8 12. c3 Be6 13. Bf3 f5 14. Nd4 Bf7
15. Nb5 f4 16. Bxe4 fxe3 17. Nd5 exf2+ 18. Rxf2 e6 19. Ndc7 d5 20. Bf3 Be5 21.
c4 Bxc7 22. Nxc7 Qxc7 23. cxd5 exd5 24. Rc1 Qb6 25. Bxd5 Rbd8 0-1

[Event "Open SSM A Agosto"]
[Site "Milano ITA"]
[Date "2012.07.27"]
[Round "1"]
[White "Cani, Gazmir"]
[Black "Guzzetti, Luigi Enrico"]
[WhiteElo "2151"]
[BlackElo "1908"]
[Result "1-0"]
[PlyCount "65"]
[EventDate "2012.07.27"]

1. d4 Nf6 2. Bg5 g6 3. Bxf6 exf6 4. e3 Bg7 5. Ne2 d6 6. g3 Bg4 7. Bg2 Bxe2 8.
Qxe2 c6 9. O-O O-O 10. c4 Nd7 11. Nc3 f5 12. Rab1 a5 13. Qd3 Re8 14. a3 Nf6 15.
b4 axb4 16. axb4 Ra3 17. Qc2 Qe7 18. Ra1 Rea8 19. Rxa3 Rxa3 20. b5 c5 21. Rd1
h5 22. Qb2 Ra8 23. h4 cxd4 24. exd4 Rc8 25. Qe2 Qxe2 26. Nxe2 b6 27. Bc6 Bh6
28. Ra1 Ne4 29. Ra7 Bd2 30. Bd5 Rf8 31. Rb7 Ba5 32. Nf4 Kh8 33. Bxf7 1-0

[Event "Open SSM A Agosto"]
[Site "Milano ITA"]
[Date "2012.07.27"]
[Round "1"]
[White "D'avino, Luca"]
[Black "Bonazzi, Edoardo"]
[WhiteElo "1863"]
[BlackElo "2101"]
[Result "1/2-1/2"]
[PlyCount "48"]
[EventDate "2012.07.27"]

1. d4 Nf6 2. c4 c5 3. Nf3 cxd4 4. Nxd4 Nc6 5. Nc3 g6 6. e4 d6 7. Be2 Bg7 8. Be3
O-O 9. O-O Bd7 10. Qd2 Nxd4 11. Bxd4 Bc6 12. f3 a5 13. Rfd1 Nd7 14. Be3 Nc5 15.
Rac1 Qb6 16. Nd5 Bxd5 17. cxd5 Rfc8 18. Rc2 Bh6 19. Rdc1 Bxe3+ 20. Qxe3 Kg7 21.
Kf2 Rc7 22. a4 Rac8 23. Kf1 f6 24. Bb5 Qa7 1/2-1/2

[Event "Open SSM A Agosto"]
[Site "Milano ITA"]
[Date "2012.07.27"]
[Round "1"]
[White "Falchi, Claudio"]
[Black "Cacciola, Alfredo"]
[WhiteElo "1849"]
[BlackElo "2087"]
[Result "0-1"]
[PlyCount "90"]
[EventDate "2012.07.27"]

1. e4 c5 2. Nc3 Nc6 3. g3 g6 4. Bg2 Bg7 5. d3 d6 6. f4 e6 7. Nf3 Nge7 8. O-O
O-O 9. Be3 Nd4 10. e5 Nef5 11. Bf2 Nxf3+ 12. Qxf3 Nd4 13. Qd1 dxe5 14. fxe5
Bxe5 15. Na4 Rb8 16. c3 Nf5 17. Nxc5 b6 18. Ne4 Ba6 19. Qa4 Qxd3 20. Rfd1 Qb5
21. Qa3 Bb7 22. Qxa7 Bxe4 23. Bxe4 Qxb2 24. Rab1 Qxc3 25. Rb3 Qc7 26. Bxb6 Qc4
27. Bg2 Rxb6 28. Qxb6 Bd4+ 29. Rxd4 Nxd4 30. Rb4 Qc1+ 31. Bf1 Qe3+ 32. Kh1 Qf3+
33. Kg1 e5 34. Qb7 Qe3+ 35. Kh1 Nf3 36. Qb6 Qe1 37. Rb1 Qd2 38. Qb2 Qe3 39. Bg2
Rd8 40. Qb7 e4 41. Rf1 Qe2 42. Qc7 Rd2 43. Qc8+ Kg7 44. Qh3 Ng5 45. Bf3 Nxf3
0-1

[Event "Open SSM A Agosto"]
[Site "Milano ITA"]
[Date "2012.07.27"]
[Round "1"]
[White "Gongalov, Bojan"]
[Black "Villalba, Fernando"]
[WhiteElo "2090"]
[BlackElo "1858"]
[Result "1-0"]
[PlyCount "25"]
[EventDate "2012.07.27"]

1. Nf3 d5 2. g3 Nf6 3. Bg2 g6 4. O-O Bg7 5. c4 dxc4 6. Na3 O-O 7. Nxc4 Nbd7 8.
d4 c6 9. h3 Nb6 10. Na5 Nbd5 11. Bd2 Ne4 12. Be1 Nd6 13. Ne5 1-0

[Event "Open SSM A Agosto"]
[Site "Milano ITA"]
[Date "2012.07.27"]
[Round "1"]
[White "Margstahler, Francesco"]
[Black "Pegoraro, Nicola"]
[WhiteElo "1787"]
[BlackElo "2068"]
[Result "0-1"]
[PlyCount "72"]
[EventDate "2012.07.27"]

1. e4 c5 2. c3 e5 3. Nf3 Nc6 4. Bc4 Qc7 5. O-O Nf6 6. Re1 Be7 7. d3 O-O 8. Nbd2
Nd8 9. Nf1 Ne6 10. Bg5 Nxg5 11. Nxg5 h6 12. Nf3 d6 13. h3 Be6 14. Qb3 Bxc4 15.
dxc4 Qc6 16. Qc2 g6 17. Rad1 a6 18. N3d2 Kg7 19. Ne3 b5 20. b3 Rfb8 21. Nd5
Nxd5 22. exd5 Qd7 23. Re3 f5 24. Rde1 Bg5 25. Rg3 Bf4 26. Rf3 Bxd2 27. Qxd2
bxc4 28. bxc4 Rb7 29. Rg3 Rab8 30. Qe2 f4 31. Rg4 Qf5 32. Qe4 Qxe4 33. Rxe4
Rb1+ 34. Kh2 R1b2 35. Kg1 Rxa2 36. Re1 Rbb2 0-1

[Event "Open SSM A Agosto"]
[Site "Milano ITA"]
[Date "2012.07.27"]
[Round "1"]
[White "Montoli, Marco"]
[Black "Miracola, Massimiliano"]
[WhiteElo "1886"]
[BlackElo "2118"]
[Result "1/2-1/2"]
[PlyCount "49"]
[EventDate "2012.07.27"]

1. c4 Nf6 2. Nf3 g6 3. Nc3 Bg7 4. g3 O-O 5. Bg2 d6 6. O-O c5 7. d3 Nc6 8. Rb1
Nh5 9. Bd2 h6 10. a3 a5 11. Ne1 f5 12. Nc2 f4 13. Nd5 fxg3 14. hxg3 Bg4 15.
Nce3 Bd7 16. Nc2 Bg4 17. Nce3 Bd7 18. Nc2 e6 19. Nf4 Nxf4 20. Bxf4 Qe7 21. b4
axb4 22. axb4 Nxb4 23. Nxb4 cxb4 24. Rxb4 Bc6 25. Qb3 1/2-1/2

[Event "Open SSM A Agosto"]
[Site "Milano ITA"]
[Date "2012.07.27"]
[Round "1"]
[White "Moroni, Luca jr"]
[Black "Colombo, Luca"]
[WhiteElo "2128"]
[BlackElo "1887"]
[Result "1-0"]
[PlyCount "107"]
[EventDate "2012.07.27"]

1. Nf3 c5 2. e4 Nc6 3. d4 cxd4 4. Nxd4 g6 5. Nc3 d6 6. Be3 Nf6 7. Bc4 Bg7 8.
Qd2 Ng4 9. Nxc6 bxc6 10. Bg5 h6 11. Bh4 Ne5 12. Bb3 Ba6 13. O-O-O O-O 14. f4
Nc4 15. Bxc4 Bxc4 16. e5 d5 17. Qd4 Qc7 18. Qc5 e6 19. Be7 Rfe8 20. Bd6 Qb6 21.
b3 Qxc5 22. Bxc5 Bb5 23. a4 Ba6 24. Na2 Bb7 25. Nb4 a5 26. Nd3 Ba6 27. Kb2 Bxd3
28. Rxd3 Bf8 29. Rc3 Rec8 30. Rd1 Bxc5 31. Rxc5 Kf8 32. Ka3 Ke7 33. c3 Kd7 34.
b4 axb4+ 35. cxb4 Rc7 36. g4 Rca7 37. a5 Rb7 38. Rdc1 Rc8 39. R1c3 Rb5 40. Kb3
Rcb8 41. Rxb5 Rxb5 42. Ka4 Kc7 43. Rh3 d4 44. Rd3 Rd5 45. Kb3 c5 46. b5 Kb7 47.
Kc4 Kc7 48. Ra3 Kb7 49. a6+ Ka7 50. b6+ Ka8 51. Rd3 Kb8 52. Rf3 Kc8 53. Ra3 Kb8
54. a7+ 1-0

[Event "Open SSM A Agosto"]
[Site "Milano ITA"]
[Date "2012.07.27"]
[Round "1"]
[White "Pace, Pietro Dario"]
[Black "Virzi, Ettore"]
[WhiteElo "2266"]
[BlackElo "1964"]
[Result "1-0"]
[PlyCount "81"]
[EventDate "2012.07.27"]

1. e4 e5 2. Nf3 Nc6 3. Bb5 a6 4. Ba4 Nf6 5. d3 b5 6. Bb3 Bc5 7. a3 d6 8. h3 Be6
9. c3 Bxb3 10. Qxb3 h6 11. O-O O-O 12. Qc2 Bb6 13. a4 Ne7 14. d4 Ng6 15. Be3
Nh5 16. Na3 Qe8 17. Rfe1 Ngf4 18. dxe5 dxe5 19. Bxb6 cxb6 20. axb5 Qe6 21. Nh2
Qg6 22. Ng4 Nf6 23. f3 Nxh3+ 24. gxh3 h5 25. bxa6 hxg4 26. hxg4 Rxa6 27. Rad1
b5 28. Qg2 Rb8 29. Nc2 Qg5 30. Nb4 Re6 31. Rd3 Nh7 32. Red1 Rh6 33. Qd2 Qh4 34.
Rd8+ Nf8 35. Rxb8 Qh1+ 36. Kf2 Qh2+ 37. Ke3 Qf4+ 38. Kd3 Qxf3+ 39. Kc2 Qxe4+
40. Qd3 Rh2+ 41. Kb1 1-0

[Event "Open SSM A Agosto"]
[Site "Milano ITA"]
[Date "2012.07.27"]
[Round "1"]
[White "Pelizzola, Danilo"]
[Black "Martinez, Rolly"]
[WhiteElo "2045"]
[BlackElo "2425"]
[Result "0-1"]
[PlyCount "137"]
[EventDate "2012.07.27"]

1. e4 c5 2. Nf3 Nc6 3. d4 cxd4 4. Nxd4 Nf6 5. Nc3 d6 6. Be2 e5 7. Nf3 h6 8. O-O
Be7 9. b3 O-O 10. Bb2 Be6 11. Qd2 a6 12. a4 Rc8 13. Rfd1 Qc7 14. Rac1 Rfd8 15.
h3 d5 16. exd5 Nxd5 17. Nxd5 Bxd5 18. Qe1 e4 19. Nd4 Bg5 20. Nxc6 Bxc6 21.
Rxd8+ Rxd8 22. Rd1 Re8 23. Bd4 f5 24. Qc3 Kh7 25. b4 e3 26. Bd3 exf2+ 27. Bxf2
Qf7 28. b5 axb5 29. axb5 Be4 30. Bxe4 fxe4 31. Be3 Bf6 32. Rf1 Qd5 33. Qb4 Rc8
34. g3 Rc4 35. Qb3 Bg5 36. Rf2 Bxe3 37. Qxe3 Qxb5 38. Rf7 Qd5 39. Rf2 b5 40.
Rd2 Qe5 41. Re2 Ra4 42. Re1 Rd4 43. Rb1 b4 44. Re1 Rc4 45. Re2 Qd5 46. Qb3 Qd1+
47. Kf2 Qd4+ 48. Qe3 Qe5 49. Qb6 Qf4+ 50. Kg1 Qc1+ 51. Kh2 Qd1 52. Qe3 Qd6 53.
Kg1 Qc6 54. Qf4 Qd5 55. Qe3 Rd4 56. Qf4 Qg5 57. Qxg5 hxg5 58. Kf2 Rc4 59. Ke3
Kg6 60. Rf2 Kh5 61. Re2 g4 62. hxg4+ Kxg4 63. Kf2 Kf5 64. Rd2 g5 65. Rd5+ Kg4
66. Rd2 Rc3 67. Kg1 Kf3 68. Rd4 Rxc2 69. Rxb4 0-1

[Event "Open SSM A Agosto"]
[Site "Milano ITA"]
[Date "2012.07.27"]
[Round "1"]
[White "Quaranta, Cristiano"]
[Black "Papale, Carmelo"]
[WhiteElo "2105"]
[BlackElo "1868"]
[Result "1-0"]
[PlyCount "53"]
[EventDate "2012.07.27"]

1. d4 Nf6 2. c4 c5 3. d5 b5 4. Nf3 bxc4 5. Nc3 d6 6. Nd2 g6 7. Nxc4 Bg7 8. e4
Nbd7 9. Bd3 Nb6 10. O-O O-O 11. Ne3 e6 12. a4 exd5 13. exd5 Bb7 14. Be2 Rb8 15.
a5 Na8 16. Bf3 a6 17. Nc4 h6 18. Bf4 Ne8 19. Ne4 Nac7 20. Nexd6 Nxd6 21. Bxd6
Re8 22. Bg3 Ra8 23. Nd6 Ra7 24. Nxb7 Rxb7 25. d6 Rxb2 26. dxc7 Qg5 27. Qd7 1-0

[Event "Open SSM A Agosto"]
[Site "Milano ITA"]
[Date "2012.07.27"]
[Round "1"]
[White "Tarelli, Daniele"]
[Black "Montani, Francesco"]
[WhiteElo "1909"]
[BlackElo "2214"]
[Result "1/2-1/2"]
[PlyCount "118"]
[EventDate "2012.07.27"]

1. c4 e5 2. g3 Nf6 3. Bg2 Nc6 4. Nc3 Bb4 5. e3 Bxc3 6. bxc3 O-O 7. Ne2 d6 8.
Qc2 Re8 9. e4 Be6 10. d3 Nd7 11. Be3 f5 12. f3 Nf6 13. h3 Ne7 14. g4 fxe4 15.
fxe4 Ng6 16. Ng3 Nf4 17. O-O g5 18. Bxf4 gxf4 19. Nf5 Kh8 20. Rab1 b6 21. Qf2
Rg8 22. Qh4 Nd7 23. Qxd8 Raxd8 24. Kf2 Nf6 25. Bf3 Rd7 26. Rg1 c6 27. g5 Ne8
28. h4 Ng7 29. Bg4 Rf8 30. Nxg7 Bxg4 31. Rxg4 Kxg7 32. d4 c5 33. d5 Rb7 34. Kf3
Rfb8 35. a4 a6 36. Rg2 b5 37. cxb5 axb5 38. Rgb2 b4 39. a5 Rb5 40. a6 Ra5 41.
cxb4 cxb4 42. Rxb4 Rxb4 43. Rxb4 Rxa6 44. Rb7+ Kg6 45. Kg4 h5+ 46. gxh6 Ra3 47.
h5+ Kxh6 48. Rb6 Rg3+ 49. Kh4 Re3 50. Rxd6+ Kh7 51. Re6 Rxe4 52. d6 f3+ 53. Kg3
Rd4 54. Kxf3 Kg7 55. Re7+ Kh6 56. d7 Kxh5 57. Rxe5+ Kg6 58. Re7 Kf6 59. Rh7 Ke6
1/2-1/2

[Event "Open SSM A Agosto"]
[Site "Milano ITA"]
[Date "2012.07.28"]
[Round "2"]
[White "Bemporad, Filippo"]
[Black "Bisignano, Giuseppe"]
[WhiteElo "2077"]
[BlackElo "1891"]
[Result "0-1"]
[PlyCount "86"]
[EventDate "2012.07.27"]

1. d4 Nf6 2. Nf3 d6 3. c4 g6 4. Nc3 Bg7 5. e4 O-O 6. Be2 e5 7. O-O Nc6 8. d5
Ne7 9. Ne1 Nd7 10. Nd3 f5 11. Bd2 Nf6 12. f3 Nh5 13. g3 a6 14. exf5 gxf5 15.
Nf2 Bd7 16. Bd3 Qe8 17. Bg5 Nf6 18. Qe2 Qh5 19. Bd2 Kh8 20. Kh1 Rae8 21. Rg1 e4
22. fxe4 Qxe2 23. Bxe2 fxe4 24. Bf4 Ng6 25. Be3 Ne5 26. Rgf1 Neg4 27. Nxg4 Nxg4
28. Bf4 e3 29. Kg2 Nf2 30. Rfe1 Nh3 31. Rf1 Nxf4+ 32. Rxf4 Rxf4 33. gxf4 Bxc3
34. bxc3 Rg8+ 35. Kh1 Bf5 36. Bf3 Bd3 37. Re1 e2 38. h3 Bxc4 39. Kh2 Re8 40.
Kg3 Re3 41. Kf2 Rxc3 42. Rb1 b5 43. Rb2 e1=Q+ 0-1

[Event "Open SSM A Agosto"]
[Site "Milano ITA"]
[Date "2012.07.28"]
[Round "2"]
[White "Bonazzi, Edoardo"]
[Black "Tarelli, Daniele"]
[WhiteElo "2101"]
[BlackElo "1909"]
[Result "0-1"]
[PlyCount "90"]
[EventDate "2012.07.27"]

1. c4 Nf6 2. g3 c5 3. Bg2 g6 4. Nc3 Bg7 5. Nf3 Nc6 6. d4 cxd4 7. Nxd4 Qb6 8.
Nc2 Ng4 9. O-O d6 10. Nd5 Qd8 11. Rb1 O-O 12. b3 Nf6 13. e4 Nxd5 14. exd5 Ne5
15. Nd4 Qb6 16. Bb2 Bg4 17. Qd2 Rfe8 18. h3 Bxh3 19. Bxh3 Qxd4 20. Qxd4 Nf3+
21. Kg2 Nxd4 22. Bxd4 Bxd4 23. Rfe1 Bf6 24. Kf3 a6 25. a4 Red8 26. Bf1 Rd7 27.
Bd3 h5 28. Re4 Kg7 29. Kg2 Rh8 30. Rh1 Rdd8 31. Kf3 Rdg8 32. Rc1 Rc8 33. Rh1
Rh6 34. Ke2 Rch8 35. Rc1 Rc8 36. b4 a5 37. c5 axb4 38. Rxb4 dxc5 39. Rxb7 h4
40. gxh4 Rxh4 41. Rc4 Bd4 42. Rc2 Ra8 43. Ra2 Bxf2 44. Rxe7 Bd4 45. Kf3 Rh3+
0-1

[Event "Open SSM A Agosto"]
[Site "Milano ITA"]
[Date "2012.07.28"]
[Round "2"]
[White "Cacciola, Alfredo"]
[Black "Pace, Pietro Dario"]
[WhiteElo "2087"]
[BlackElo "2266"]
[Result "0-1"]
[PlyCount "68"]
[EventDate "2012.07.27"]

1. e4 c5 2. Nf3 Nc6 3. d4 cxd4 4. Nxd4 Qb6 5. Nb3 Nf6 6. Be3 Qc7 7. Nc3 e6 8.
Be2 Be7 9. O-O O-O 10. f4 d6 11. Kh1 a6 12. a4 b6 13. Bf3 Bb7 14. g4 Nd7 15.
Bg2 Rfe8 16. g5 Bf8 17. Qh5 g6 18. Qh4 Nb4 19. Rf2 Bg7 20. Raf1 Rac8 21. Bd4
Bxd4 22. Nxd4 Qc4 23. f5 exf5 24. exf5 Bxg2+ 25. Kxg2 Nc6 26. Rf4 Nxd4 27. Rxd4
Qc6+ 28. Nd5 Re5 29. c4 b5 30. Qh6 gxf5 31. Kg1 Qc5 32. Rff4 Rxd5 33. cxd5 Qc1+
34. Kg2 Qxb2+ 0-1

[Event "Open SSM A Agosto"]
[Site "Milano ITA"]
[Date "2012.07.28"]
[Round "2"]
[White "Cazzaniga, Walter"]
[Black "Gongalov, Bojan"]
[WhiteElo "2148"]
[BlackElo "2090"]
[Result "1/2-1/2"]
[PlyCount "80"]
[EventDate "2012.07.27"]

1. e4 c5 2. Nf3 e6 3. d4 cxd4 4. Nxd4 Nf6 5. Bd3 Nc6 6. Nxc6 bxc6 7. O-O e5 8.
c4 Bc5 9. Qe2 h6 10. Kh1 d6 11. h3 Qc7 12. Nd2 a5 13. Nb3 Nd7 14. f4 a4 15.
Nxc5 Nxc5 16. f5 f6 17. Be3 Ba6 18. Qc2 O-O 19. b4 axb3 20. axb3 Qf7 21. Rfb1
Rfb8 22. Be2 Bc8 23. Rxa8 Rxa8 24. b4 Nb7 25. Qd2 d5 26. cxd5 cxd5 27. Qxd5
Qxd5 28. exd5 Bxf5 29. Rc1 Be4 30. Bf3 Nd6 31. Rc6 Bxf3 32. gxf3 Nf5 33. Bb6
Ra1+ 34. Kh2 Ra2+ 35. Kg1 Rd2 36. Rc8+ Kf7 37. Rd8 Nd4 38. Bxd4 Rxd4 39. b5 Rb4
40. Rb8 Rd4 1/2-1/2

[Event "Open SSM A Agosto"]
[Site "Milano ITA"]
[Date "2012.07.28"]
[Round "2"]
[White "Colombo, Luca"]
[Black "Pelizzola, Danilo"]
[WhiteElo "1887"]
[BlackElo "2045"]
[Result "0-1"]
[PlyCount "102"]
[EventDate "2012.07.27"]

1. e4 c5 2. Nc3 Nc6 3. g3 Nf6 4. Bg2 d6 5. d3 Bd7 6. Nge2 g6 7. O-O Bg7 8. h3
O-O 9. f4 Qc8 10. g4 e6 11. Ng3 Nd4 12. Be3 Rb8 13. Qd2 b5 14. Nd1 b4 15. c3
bxc3 16. bxc3 Nc6 17. f5 exf5 18. gxf5 Ne5 19. Bg5 Qa6 20. c4 Qa3 21. Bf4 Rb6
22. Bxe5 dxe5 23. Rf2 Rb3 24. Bf1 Rfb8 25. fxg6 hxg6 26. Qg5 Nh7 27. Qe7 Be6
28. Kh2 R3b7 29. Qh4 f6 30. Nh1 Rb1 31. Rxb1 Rxb1 32. Ne3 Rb2 33. Rxb2 Qxb2+
34. Qf2 Qb1 35. Qc2 Qxc2+ 36. Nxc2 f5 37. Nf2 Bh6 38. Na1 Bd2 39. Nb3 Bb4 40.
Kg3 a5 41. a3 a4 42. axb4 axb3 43. Nd1 f4+ 44. Kf2 cxb4 45. Nb2 Nf6 46. Ke1 Nd7
47. Kd2 Nc5 48. Ke2 g5 49. Kf3 Kg7 50. Kg2 Bd7 51. Be2 Na4 0-1

[Event "Open SSM A Agosto"]
[Site "Milano ITA"]
[Date "2012.07.28"]
[Round "2"]
[White "Coppola, Federico"]
[Black "Moroni, Luca jr"]
[WhiteElo "1844"]
[BlackElo "2128"]
[Result "0-1"]
[PlyCount "62"]
[EventDate "2012.07.27"]

1. e4 c5 2. Nf3 d6 3. d4 cxd4 4. Nxd4 Nf6 5. Nc3 a6 6. Bg5 e6 7. f4 Be7 8. Qf3
Qc7 9. O-O-O Nbd7 10. g4 h6 11. Bxf6 Bxf6 12. h4 Qb6 13. Nb3 Be7 14. Bg2 Nc5
15. Nxc5 Qxc5 16. g5 Bd7 17. Rd3 Bc6 18. Re1 hxg5 19. hxg5 Qa5 20. Qf2 O-O-O
21. Nd5 Bf8 22. Nb6+ Kc7 23. Nc4 Qb4 24. Rc3 Be7 25. a3 Qb5 26. Bf1 Qc5 27.
Qxc5 dxc5 28. Ne5 Rh4 29. Rf3 Rxf4 30. Rxf4 Bxg5 31. Nd3 e5 0-1

[Event "Open SSM A Agosto"]
[Site "Milano ITA"]
[Date "2012.07.28"]
[Round "2"]
[White "Guzzetti, Luigi Enrico"]
[Black "Margstahler, Francesco"]
[WhiteElo "1908"]
[BlackElo "1787"]
[Result "1-0"]
[PlyCount "155"]
[EventDate "2012.07.27"]

1. e4 c6 2. d4 d5 3. Nc3 dxe4 4. Nxe4 Bf5 5. Ng3 Bg6 6. Nf3 Nd7 7. Bd3 e6 8.
O-O Ngf6 9. Re1 Be7 10. c4 Bxd3 11. Qxd3 O-O 12. Bf4 Re8 13. Rad1 Qa5 14. a3
Rad8 15. Qc2 Nf8 16. Ne5 c5 17. dxc5 Rxd1 18. Rxd1 Qxc5 19. b4 Qc8 20. Ne4 Nxe4
21. Qxe4 Rd8 22. Rxd8 Qxd8 23. h3 Qc8 24. Be3 a6 25. c5 Nd7 26. Nc4 Nf6 27. Qf3
Nd5 28. g3 h6 29. Kg2 Qc7 30. Bd4 Bf6 31. Bxf6 Nxf6 32. Qf4 Qxf4 33. gxf4 Nd5
34. Kf3 Kf8 35. Nd6 b6 36. cxb6 Nxb6 37. Ke4 Ke7 38. Nb7 Nd7 39. Kd4 f6 40. Nc5
Nb8 41. Kc4 g5 42. fxg5 fxg5 43. Kd4 h5 44. f3 Nc6+ 45. Ke4 Nb8 46. a4 Kf6 47.
b5 axb5 48. axb5 h4 49. b6 Nc6 50. Nd7+ Ke7 51. Ne5 Nd8 52. Nc4 Nb7 53. Ke5 Nc5
54. Kd4 Nb7 55. Ne5 Kf6 56. Nd3 Kf5 57. Ke3 Nd6 58. Kd4 Nb7 59. Kc4 Nd8 60. Kc5
Nb7+ 61. Kc6 Na5+ 62. Kc7 e5 63. Nb4 e4 64. fxe4+ Kxe4 65. Nc6 Nb3 66. Kd6 g4
67. b7 gxh3 68. b8=Q h2 69. Qb4+ Kf3 70. Qxb3+ Kf2 71. Qc2+ Kg1 72. Qd1+ Kg2
73. Qe2+ Kg1 74. Ne5 h1=Q 75. Nf3+ Qxf3 76. Qxf3 Kh2 77. Ke5 h3 78. Kf4 1-0

[Event "Open SSM A Agosto"]
[Site "Milano ITA"]
[Date "2012.07.28"]
[Round "2"]
[White "Martinez, Rolly"]
[Black "Quaranta, Cristiano"]
[WhiteElo "2425"]
[BlackElo "2105"]
[Result "1-0"]
[PlyCount "71"]
[EventDate "2012.07.27"]

1. e4 e6 2. d4 d5 3. Nd2 Nf6 4. e5 Nfd7 5. Bd3 c5 6. c3 Nc6 7. Ne2 cxd4 8. cxd4
f6 9. exf6 Nxf6 10. Nf3 Bd6 11. O-O Qc7 12. Bg5 O-O 13. Qc2 h6 14. Bh4 Nh5 15.
Bh7+ Kh8 16. Bg6 Rxf3 17. Bxh5 Rf5 18. Bg6 Bxh2+ 19. Kh1 Bd6 20. Bxf5 exf5 21.
f4 Qf7 22. Rf3 Bd7 23. Kg1 Re8 24. Bf2 Re4 25. Qd2 Qf6 26. Nc3 Nxd4 27. Rd3 Ne6
28. Rxd5 Bxf4 29. Nxe4 fxe4 30. Be3 Bc6 31. Rh5 Bxe3+ 32. Qxe3 Qxb2 33. Rd1 Qf6
34. Rd6 Qf4 35. Qxf4 Nxf4 36. Ra5 1-0

[Event "Open SSM A Agosto"]
[Site "Milano ITA"]
[Date "2012.07.28"]
[Round "2"]
[White "Miracola, Massimiliano"]
[Black "D'Avino, Luca"]
[WhiteElo "2118"]
[BlackElo "1863"]
[Result "1-0"]
[PlyCount "57"]
[EventDate "2012.07.27"]

1. d4 Nf6 2. c4 g6 3. Nf3 c5 4. d5 e6 5. Nc3 exd5 6. cxd5 d6 7. g3 Bg7 8. Bg2
O-O 9. O-O Na6 10. Nd2 Rb8 11. a4 Nb4 12. Nc4 Bg4 13. h3 Bh5 14. g4 Bxg4 15.
hxg4 Nxg4 16. Bf4 Be5 17. Qd2 Qh4 18. Nxe5 Nxe5 19. Bxe5 dxe5 20. Ne4 f5 21.
Qg5 Qxg5 22. Nxg5 Rfd8 23. e4 fxe4 24. Bxe4 b6 25. Rfd1 Rd6 26. Nf3 Rbd8 27.
Nxe5 Nxd5 28. Nc6 R8d7 29. Bxd5+ 1-0

[Event "Open SSM A Agosto"]
[Site "Milano ITA"]
[Date "2012.07.28"]
[Round "2"]
[White "Montani, Francesco"]
[Black "Montoli, Marco"]
[WhiteElo "2214"]
[BlackElo "1886"]
[Result "1/2-1/2"]
[PlyCount "62"]
[EventDate "2012.07.27"]

1. e4 c5 2. b4 b6 3. bxc5 bxc5 4. Nc3 Nc6 5. g3 Rb8 6. Bg2 g6 7. Nge2 Bg7 8.
O-O e6 9. d3 Nge7 10. Bf4 d6 11. Qd2 O-O 12. Rab1 Ba6 13. Bh6 Qa5 14. Bxg7 Kxg7
15. Qf4 e5 16. Qh4 f6 17. Rxb8 Rxb8 18. f4 Rf8 19. g4 c4 20. Rf3 h6 21. Rh3 Rh8
22. g5 fxg5 23. fxg5 h5 24. Rf3 Qb6+ 25. Kh1 cxd3 26. cxd3 Nd4 27. Nxd4 Qxd4
28. Ne2 Qb6 29. Qe1 Rf8 30. Rxf8 Kxf8 31. Qf1+ Ke8 1/2-1/2

[Event "Open SSM A Agosto"]
[Site "Milano ITA"]
[Date "2012.07.29"]
[Round "2"]
[White "Papale, Carmelo"]
[Black "Pierandrei, Cristiano"]
[WhiteElo "1868"]
[BlackElo "1983"]
[Result "1-0"]
[PlyCount "83"]
[EventDate "2012.07.27"]

1. e4 e6 2. d4 d5 3. Nc3 Bb4 4. e5 Qd7 5. Nf3 Nc6 6. Bd3 b6 7. O-O Bb7 8. Ne2
f5 9. Nf4 O-O-O 10. Ng5 Re8 11. c3 Bf8 12. Ngxe6 Rxe6 13. Bxf5 Nd8 14. Nxe6 Kb8
15. Qg4 Nxe6 16. Bxe6 Qe8 17. a4 a5 18. Bg5 h6 19. Bh4 g5 20. Bg3 h5 21. Qxg5
Qxe6 22. Qd8+ Qc8 23. Qg5 Qe8 24. Rfe1 Bh6 25. Qf5 Bc8 26. Qd3 Ne7 27. e6 Kb7
28. b4 axb4 29. cxb4 Rf8 30. b5 Nf5 31. Be5 Bxe6 32. a5 Bg7 33. Bxg7 Nxg7 34.
axb6 cxb6 35. Qa3 Qf7 36. Qa7+ Kc8 37. Qa8+ Kd7 38. Qc6+ Kd8 39. Ra8+ Ke7 40.
Ra7+ Kd8 41. Qa8+ Bc8 42. Rxf7 1-0

[Event "Open SSM A Agosto"]
[Site "Milano ITA"]
[Date "2012.07.28"]
[Round "2"]
[White "Pegoraro, Nicola"]
[Black "Cani, Gazmir"]
[WhiteElo "2068"]
[BlackElo "2151"]
[Result "0-1"]
[PlyCount "58"]
[EventDate "2012.07.27"]

1. e4 c5 2. Nf3 d6 3. d4 cxd4 4. Nxd4 Nf6 5. Nc3 a6 6. Bg5 e6 7. f4 Qc7 8. Qf3
b5 9. Bd3 Bb7 10. a4 b4 11. Na2 Nbd7 12. Nxb4 d5 13. Nxd5 exd5 14. e5 Ne4 15.
O-O-O Ndc5 16. Kb1 Qb6 17. Bxe4 dxe4 18. Qg4 Rb8 19. Nb3 Bc6 20. a5 Qb7 21. f5
Nxb3 22. cxb3 Qxb3 23. Bc1 Bd5 24. Rxd5 Qxd5 25. Rd1 h5 26. Qe2 Qc6 27. e6 Be7
28. Bf4 Rd8 29. Rc1 Qd5 0-1

[Event "Open SSM A Agosto"]
[Site "Milano ITA"]
[Date "2012.07.28"]
[Round "2"]
[White "Villalba, Fernando"]
[Black "Seminara, Antonio"]
[WhiteElo "1858"]
[BlackElo "1978"]
[Result "1/2-1/2"]
[PlyCount "43"]
[EventDate "2012.07.27"]

1. d4 d5 2. Nf3 e6 3. Bf4 c6 4. e3 f5 5. c3 Nf6 6. h3 Be7 7. Nbd2 O-O 8. Be2
Nbd7 9. O-O Ne4 10. Ne5 g5 11. Bh2 Nxe5 12. Bxe5 Bd6 13. Nf3 h5 14. Bxd6 Nxd6
15. Ne5 g4 16. hxg4 hxg4 17. Bxg4 fxg4 18. Qxg4+ Kh7 19. Qg6+ Kh8 20. Qh6+ Kg8
21. Qg6+ Kh8 22. Qh6+ 1/2-1/2

[Event "Open SSM A Agosto"]
[Site "Milano ITA"]
[Date "2012.07.29"]
[Round "2"]
[White "Virzi, Ettore"]
[Black "Falchi, Claudio"]
[WhiteElo "1964"]
[BlackElo "1849"]
[Result "0-1"]
[PlyCount "56"]
[EventDate "2012.07.27"]

1. e4 e6 2. d4 d5 3. Nc3 Bb4 4. e5 c5 5. a3 Bxc3+ 6. bxc3 Qa5 7. Bd2 Qa4 8. Qg4
g6 9. Qd1 b6 10. Nf3 Ba6 11. h4 Bxf1 12. Kxf1 h5 13. Kg1 Ne7 14. Bg5 Nbc6 15.
Bf6 Rg8 16. dxc5 bxc5 17. Rb1 Qxa3 18. Rb3 Qa2 19. Kh2 Rb8 20. Qb1 Qxb1 21.
Rhxb1 Rxb3 22. Rxb3 Na5 23. Rb5 Nec6 24. Rxc5 Kd7 25. Ng5 a6 26. Nxf7 Nb7 27.
Rxc6 Kxc6 28. Nh8 a5 0-1

[Event "Open SSM A Agosto"]
[Site "Milano ITA"]
[Date "2012.07.29"]
[Round "3"]
[White "Bisignano, Giuseppe"]
[Black "Montani, Francesco"]
[WhiteElo "1891"]
[BlackElo "2214"]
[Result "0-1"]
[PlyCount "72"]
[EventDate "2012.07.27"]

1. e4 c5 2. Nf3 Nc6 3. d4 cxd4 4. Nxd4 Nf6 5. Nc3 d6 6. Bc4 Qb6 7. Nb3 e6 8.
Be3 Qc7 9. O-O a6 10. f4 b5 11. Bd3 Bb7 12. a3 Be7 13. Qe2 O-O 14. Rae1 Rfe8
15. g4 Nd7 16. Qf2 b4 17. axb4 Nxb4 18. Bd4 Bf8 19. f5 e5 20. Be3 d5 21. exd5
Nf6 22. Bb6 Qb8 23. Na5 Nbxd5 24. Nxb7 Qxb7 25. Nxd5 Nxd5 26. Be3 Nxe3 27. Qxe3
Qxb2 28. Ra1 Qc3 29. Qe4 a5 30. Ra4 Bb4 31. f6 g6 32. g5 Rad8 33. Kg2 Rd4 34.
Qe2 Qc6+ 35. Kg1 Bc5 36. Rf3 Rg4+ 0-1